Le Seigneur des Anneaux- Pays et royaumes de la Terre du Milieu - Statistiques

Statistiques générales
  • Ce quiz a été pris 504 fois
  • Le résultat moyen est 5 sur 8
Statistiques - réponses
Indice Pays/Royaume % Correct
Pays principal des humains, dont Aragorn est le roi légitime Gondor
96%
Royaume noir sous la dominationde Sauron Mordor
96%
Pays des Rohirrim, les dresseursde chevaux Rohan
95%
Pays des Hobbits Comté
87%
Forêt dirigée par Galadriel Lothlorien
65%
Pays du Roi-Sorcier, le chef des Nazgul Angmar
58%
Un des deux royaumes des Dunedain,dont est originaire Aragorn Arnor
26%
Région du sud, d'où viennent lesOlifants Haradwaith
1%
Aucun quiz correspondant
Distribution des résultats
% des personnes avec chaque résultat
Percentile par nombre de réponses
Votre historique - résultats
Vous n’avez pas pris ce quiz